000 00508nam a2200181 a 4500
090 _aRE
_b00014
041 _aeng
100 _aMabberley, D. J.
_992261
245 _aPlant book
_ba portable dictionary of the vascular plants
250 _a2 ed.
260 _aCambridge
_bCambridge University Press
_c1997
300 _a858 p.
650 _aTaxonomía vegetal
_992262
650 _aNombres científicos
_973731
650 _aDiccionarios
_992264
650 _aPlantas vasculares
_992265
942 _cIMPRESO
_03
999 _c1753
_d1753